[Event "Karadjordje Serbia"]
[Site "Topola"]
[Date "2004.05.07"]
[Round "4"]
[White "Pavasovic, Dusko"]
[Black "Pikula, Dejan"]
[Result "1-0"]
[WhiteElo "2591"]
[BlackElo "2523"]
[Annotator "Rogozenco,D"]
[PlyCount "47"]
[EventDate "2004.05.04"]
[EventType "tourn"]
[EventRounds "11"]
[EventCountry "YUG"]
[EventCategory "13"]
[SourceTitle "CBM 101"]
[Source "ChessBase"]
[SourceDate "2004.07.27"]
[SourceVersion "1"]
[SourceVersionDate "2004.07.27"]
[SourceQuality "1"]

1. e4 c5 2. c3 d5 3. exd5 Qxd5 4. d4 g6 5. Nf3 Bg7 6. Na3 ({The main
alternative is} 6. c4) 6... cxd4 (6... Nf6 7. Bc4 Qe4+ 8. Be3 $14) 7. Bc4 (7.
Nb5 Na6 {leads to approximately equal positions.}) 7... Qd8 (7... Qe4+ 8. Be3
$1 $36 {[%cal Gc4f7,Yf3g5]}) 8. Nb5 a6 $2 {A terrible mistake. The main idea
of White's previous move was to take on d4. Thus Black wastes a precious tempo.
} (8... Nf6 9. Nbxd4 (9. Bf4 {brings nothing:} O-O 10. Nc7 $2 Nh5 $17) 9... O-O
10. O-O $11 {/+/=}) 9. Nbxd4 Nf6 {Now after this natural move Black loses a
pawn without getting sufficient compensation, but the position was already
difficult.} (9... b5 10. Bxf7+ Kxf7 11. Ng5+ Ke8 12. Qf3 $18) (9... Qc7 10.
Qa4+ $5 Bd7 $140 11. Qb3 e6 12. Bf4 $1 $18) 10. Qa4+ $16 Nc6 (10... Bd7 11. Qb3
$18) (10... Nbd7 11. Bxf7+ $1 Kxf7 12. Ng5+ $18) (10... b5 11. Bxb5+ $18) 11.
Nxc6 bxc6 12. Ne5 ({After} 12. Qxc6+ Bd7 13. Qb7 {Black had more hopes to find
some sort of compensation.}) 12... O-O 13. Qxc6 Bf5 14. O-O Rc8 15. Qf3 Qc7 16.
Re1 Ne4 $2 (16... Ne8 17. Bxf7+ Rxf7 18. Nxf7 Kxf7 19. g4 $18) (16... Nh5 17.
Bd3 (17. Bxf7+ Kh8 $13) 17... Bxe5 18. Bxf5 $16) 17. Bxf7+ $1 $18 Kh8 (17...
Rxf7 18. Nxf7 Kxf7 19. Rxe4 $18) 18. Be6 Qxe5 (18... Bxe5 19. Bxc8 Bxh2+ 20.
Kh1 $18) 19. Bxc8 Rxc8 20. g4 Rg8 21. Bf4 Qb5 22. Qe2 Qa4 23. gxf5 gxf5 24. Kh1
({Black could try to play on with} 24. Kh1 Bxc3 {although after the precise}
25. Rg1 $1 {White is winning.} ({But not} 25. bxc3 $4 Nxf2+ $1 26. Qxf2 Qc6+))
1-0

[Event "EU-ch 8th"]
[Site "Dresden"]
[Date "2007.04.03"]
[Round "1"]
[White "Roiz, Michael"]
[Black "Erdogdu, Mert"]
[Result "1-0"]
[WhiteElo "2605"]
[BlackElo "2409"]
[Annotator "Roiz,M"]
[PlyCount "65"]
[EventDate "2007.04.03"]
[EventType "swiss"]
[EventRounds "11"]
[EventCountry "GER"]
[SourceTitle "CBM 118"]
[Source "ChessBase"]
[SourceDate "2007.05.31"]
[SourceVersion "1"]
[SourceVersionDate "2007.05.31"]
[SourceQuality "1"]

1. g3 {I had decided on a little surprise for my opponent in order to avoid
the main theoretical lines in the KID.} Nf6 2. Bg2 g6 3. e4 d6 {Now he may
transpose to Pirc defence with g2-g3.} (3... e5 $5) 4. Ne2 c5 5. O-O Bg7 6. c3
{Another surprise! Suddenly we can see a rare system of the Sicilian which
usually arises after 1.e4 c5 2.Ne2 d6 3.g3!} ({After} 6. d4 cxd4 7. Nxd4 O-O 8.
Nc3 {we could get the Dragon with g2-g3-a very tricky order of moves!}) 6...
O-O 7. d4 Nc6 8. h3 {That move is more or less necessary,as White should
secure a spot on e3 for his bishop.} (8. d5 Ne5 9. f4 Nc4) 8... Nd7 $6 {
A dubious decision - now White gets a serious space advantage for free.} ({
Black's equalizing chances should be connected with the e7-e5 advance with or
without the exchange on d4:} 8... cxd4 9. cxd4 e5 10. Be3 (10. Nbc3 exd4 11.
Nxd4 Nxe4 12. Nxc6 Nxc3 13. Nxd8 Nxd1 14. Nxf7 (14. Nxb7 Nxb2 15. Nxd6 Rb8 $11)
14... Nxb2 (14... Nxf2 15. Nh6+ Kh8 16. Be3 Nd3 17. Nf7+ Kg8 18. Nxd6) 15. Nxd6
Nc4 16. Nxc4 Bxa1 17. Ba3 Bf6 18. Bxf8 Kxf8 19. Re1 Be7 20. Ne5 Rb8 $11) 10...
d5 (10... exd4 11. Nxd4 d5 12. exd5 Nxd5 13. Nxc6 bxc6 14. Bd4 $14) 11. dxe5
Nxe4 12. f4 f6 $132) (8... e5 9. dxc5 (9. d5 Ne7 10. c4 (10. Na3 Ne8 11. f4 f5
12. fxe5 dxe5 13. Be3 fxe4 14. Bxc5 Rxf1+ 15. Qxf1 Nxd5 16. Rd1 Nef6 $132 {
1/2-1/2 Balashov,Y-Zagrebelny,S/Kstovo 1998/EXT 99 (31)}) 10... Nd7 11. Nbc3 f5
$132) 9... dxc5 10. Be3 b6 $11) 9. Be3 cxd4 $146 ({More logical looks:} 9... b6
{intending to put some pressure along the a6-f1 diagonal,but after} 10. f4 (10.
Qd2 Ba6 11. Rd1) 10... Bb7 (10... Ba6 11. d5 Na5 12. Na3 Nc4 13. Nxc4 Bxc4 14.
Rc1 $14) 11. d5 Na5 12. Nd2 $14 {White has a stable advantage.}) (9... Qb6 10.
Qd2 Qa6 11. f4 Nb6 12. b3 Qa5 13. Qb2 e6 14. Nd2 $14 {1-0 Mirzakouliev,
F-Gouliev,S/Baku 2000/EXT 2001 (48)}) 10. cxd4 Nb6 11. b3 {Immediately
restricting the Nb6.} ({Also deserving attention was:} 11. Nbc3 $5 Nc4 12. Bc1
e5 13. dxe5 (13. d5 Nd4 14. Qd3 Nxe2+ 15. Qxe2 $14) 13... dxe5 14. Nd5 Be6 15.
b3 Nb6 16. Be3 $14 {with unpleasant pressure.}) 11... d5 {Mert decides to fix
the pawn structure.} ({I had expected:} 11... a5 12. Nbc3 a4 13. d5 Nb4 14. Bd4
$14 {and neither of Black's knights is located ideally.}) 12. e5 a5 $1 {
A correct idea - Black's only counterplay can be connected with this advance.}
(12... f6 13. f4 Bf5 14. Nbc3 Nb4 {doesn't achieve its goal in view of:} 15. g4
$14 Nc2 $140 $2 16. Bf2 $18) 13. Nbc3 ({premature would be:} 13. a4 $6 Nb4 14.
Nbc3 Bf5 15. Qd2 f6 $11 {[%csl Gb4] and the Nb4 is located ideally.}) 13... a4
14. Qd2 $6 {A loss of time.} ({I should transfer my knight to d3 immediately:} 
14. Nf4 e6 15. Nd3 f6 16. f4 $14) 14... Na5 (14... f6 $5) 15. Qb2 {That is not
the best square for the queen, but Black failed to prove that.} e6 ({Nothing
is achieved by} 15... Bf5 16. Rfd1 $14 {and White will disturb the Bf5 by
g3-g4 very soon.} (16. Nf4 $5)) 16. h4 Qe7 $6 {Black is playing too slowly and
doesn't take his chance.} ({That was the right moment for changing the
character of the position:} 16... f6 17. exf6 (17. f4 $2 axb3 18. axb3 Nac4 $17
) 17... Qxf6 $132 {[%csl Rd4][%cal Cc3a4,Ga5c6]}) 17. Nf4 $1 {Finally White
consolidates his position and takes control of the game.} Bd7 ({Now} 17... f6 {
loses its effect:} 18. Nd3 Nc6 19. f4 $14) 18. Nd3 Rfc8 {[%cal Gg7f8] Black is
trying to get some queenside counterplay,but White is able to neutralize it.}
19. Bg5 $1 {I was happy to find that prophylactic idea - it's very important
to prevent Black from playing 19...Bf8, followed by 20...Qa3!} Qf8 (19... f6
20. exf6 Bxf6 21. Bxf6 Qxf6 22. Ne5 $14) 20. Rfc1 (20. h5 $5) 20... Nc6 21. Ne2
Ra7 (21... Nb4 22. Nc5 Bb5 23. Qd2 Nc6 24. Be3 $14) 22. Be3 Rca8 $6 {Black
cannot seize the a-file anyway.} (22... Qe7 $5 {I would prefer:}) 23. Nc5 Qd8
24. Nc3 axb3 $6 {That exchange is double-edged.} ({Also worth considering is:} 
24... Ne7 25. g4 Bc6 $14 {[%cal Gb6d7] maintaining the pressure.}) 25. axb3 Nb4
26. Rxa7 Rxa7 27. Qd2 $16 {Now White's pressure is obviously strong - Black's
pieces have no coordination.} Bc6 28. Bg5 Qa8 $4 {[%mdl 8192] That move loses
immediately} ({Necessary was:} 28... Qe8 29. h5 $16 Nd7 $140 30. Nxd7 Qxd7 31.
hxg6 hxg6 32. Nd1 $1 Bf8 33. Ne3 Ra2 34. Qc3 $40 {[%cal Ge3g4] although
Black's position remains extremely difficult.}) 29. Nb5 $1 {This nice tactical
shot wins immediately.} Bxb5 ({Or} 29... Ra1 30. Qxb4 Rxc1+ 31. Bxc1 Bxb5 32.
Qxb5 Qa1 33. Qxb6 Qxc1+ 34. Kh2 $18) 30. Qxb4 {[%csl Rb5,Rb6] Black cannot
avoid a loss of material.} Ra5 (30... Qe8 31. Bf1 Bxf1 32. Qxb6 $18) 31. Bd8 {
This move was unnecesary.} ({White had another winning continuation:} 31. Bd2
Ra2 32. Qxb5 Rxd2 33. Qxb6 $18) (31. Nxb7 Ra6 32. Qxb5 (32. Nc5 $18) 32... Qxb7
33. Bd8 $18) 31... Ra1 (31... Qa7 32. Nxb7 $18 (32. Bxb6 Qxb6 33. Nd7 Qd8 34.
Nb6 $18)) 32. Rxa1 Qxa1+ 33. Kh2 1-0

[Event "SCO-ch"]
[Site "Edinburgh"]
[Date "1999.07.18"]
[Round "3"]
[White "Motwani, Paul"]
[Black "McNab, Colin Anderson"]
[Result "1-0"]
[WhiteElo "2465"]
[BlackElo "2445"]
[Annotator "Rowson,J"]
[PlyCount "89"]
[EventDate "1999.07.16"]
[EventType "swiss"]
[EventRounds "9"]
[EventCountry "SCO"]
[SourceTitle "CBM 071 Extra"]
[Source "ChessBase"]
[SourceDate "1999.09.14"]
[SourceVersion "1"]
[SourceVersionDate "1999.09.14"]
[SourceQuality "1"]

1. e4 g6 2. d4 Bg7 3. Nc3 d6 4. f4 Nc6 5. Bb5 Bd7 6. Nf3 e6 7. Be3 Nge7 8. Qd2
d5 9. O-O-O a6 (9... dxe4 $5 10. Nxe4 O-O $14) 10. Bxc6 Bxc6 11. e5 {White is
at least slightly better.} h5 {A natural move but afer this it is difficult to
suggest a good plan for Black. I think the most effective idea is to castle
queenside, wait for the kingside expansion and then hit back with ...f6 or...
h5 when the time is right.} (11... Qd7 12. g4 O-O-O 13. Bf2 h6 $5 (13... h5 14.
h3 (14. Ng5 $5) 14... hxg4 15. hxg4 Rxh1 16. Rxh1 Rh8 17. Rxh8+ Bxh8 18. Bh4
Bg7 19. Bf6 Bf8 20. Qh2 Qe8 21. Qh7 {With the killer threat of Ng5. This
normal looking line suggests that Black's position may be worse than it looks.}
) (13... Rdf8 14. Bh4 Ng8 $5 {I know this looks peculiar, but mabye Black's
position calls for something like this.}) 14. Bh4 g5 15. fxg5 h5 $5) 12. Bf2
Nf5 13. g3 Bf8 14. h3 Be7 15. g4 Ng7 {I don't much like Black's play; this
knight is now very bad and it's not difficult to exchange dark square bishops.}
16. Rdg1 b5 $1 {Necessary.} 17. Nd1 $5 (17. Kb1 b4 18. Ne2 Bb5 19. Nc1 a5 20.
Nb3) 17... b4 18. Ne3 Qd7 19. Bh4 Bxh4 20. Nxh4 Qe7 21. Nf3 hxg4 22. hxg4 O-O-O
23. Rh2 {This doesn't feel best somehow but it proves sufficient. Mabye Paul
could have played on the queenside as well.} (23. c3 $1 {Black's position is
very bad indeed.}) 23... Rxh2 24. Qxh2 Qf8 25. Rh1 Bb5 26. Qd2 c5 27. dxc5 d4
$1 28. Nxd4 Qxc5 29. Nb3 Qb6 30. Qf2 {White is still winning(Knight on g7,
extra pawn) but somehow Black seems to have more counterlay than he deserved.
Presumably there was some time pressure now.} a5 $2 {Improving the g7 knight
is top priority.} (30... Ne8 $1 {White will have to play some good moves to
win, because as long as the queens are on there will always be counterplay
against the white king.}) 31. Rd1 a4 32. Rxd8+ Qxd8 33. Nd2 Qd4 34. Nd1 Qd5 35.
b3 Ne8 (35... axb3 $1 {In time trouble this is definitely a better practical
choice although I'm sure Paul would have taken with the a pawn without much
thought but some players would vaccilate and that can be fatal.}) 36. c4 bxc3
37. Nxc3 Qc6 38. Nde4 axb3 39. axb3 Bd3 40. Qc5 Bxe4 41. Nxe4 Qxc5+ 42. Nxc5 g5
$2 {A bit surprising. I wouldn't have thought it was completely trivial after:}
(42... Nc7 43. Kd2 Nd5 44. Nd3 Kc7 45. Ke2 Kc6 46. Kf3 Nc7 47. Ke4 Nb5 {
White still has some work to do.}) 43. fxg5 Kc7 44. Ne4 Kc6 45. Nd6 1-0

[Event "Montreal 1st"]
[Site "Montreal"]
[Date "2000.08.12"]
[Round "9"]
[White "Rozentalis, Eduardas"]
[Black "Goldenberg, Danny"]
[Result "1-0"]
[WhiteElo "2570"]
[BlackElo "2310"]
[Annotator "Rozentalis,E"]
[PlyCount "79"]
[EventDate "2000.08.03"]
[EventType "tourn"]
[EventRounds "11"]
[EventCountry "CAN"]
[EventCategory "9"]
[SourceTitle "CBM 079"]
[Source "ChessBase"]
[SourceDate "2000.11.21"]
[SourceVersion "1"]
[SourceVersionDate "2000.11.21"]
[SourceQuality "1"]

1. e4 c6 2. Nc3 g6 3. d4 Bg7 4. Bc4 d6 5. Qf3 e6 6. Nge2 b5 7. Bd3 a6 8. a4 Bb7
9. axb5 $146 (9. h4 Nf6 10. Ng3 Nfd7 $13 {De Vreut 2398-Van der Wiel 2544,
Lost Boys 1999.}) 9... cxb5 10. Qg3 Nf6 (10... Ne7 $2 11. Bf4) 11. Bg5 h6 12.
Bxf6 Bxf6 13. e5 Bh4 $1 ({quite} 13... dxe5 14. dxe5 Bg7 15. f4 {would give
white strong initiative}) 14. Qh3 dxe5 15. dxe5 Nd7 16. O-O-O $1 Bxf2 (16...
Qg5+ 17. f4 Bxg2 18. Qe3 Qe7 19. Rhg1 $40) 17. Ne4 (17. Be4 Qb6 $17) 17... Bxe4
18. Bxe4 Rc8 $1 (18... Qg5+ 19. Kb1 Rd8 20. Bc6 Qxe5 21. Qf3) 19. Qf3 Qg5+ 20.
Nf4 $1 ({natural} 20. Kb1 {leads to slightly better ending for black, after}
Qe3 $1 21. Bc6 Qxf3 22. Bxd7+ Ke7 23. gxf3 Rc7 $15) 20... Rc4 $1 (20... Qxe5
21. Nxg6 Qg5+ 22. Kb1 fxg6 23. Qxf2 $36) (20... Nc5 21. Bc6+ Ke7 22. Rhf1 Be3+
23. Qxe3 Rxc6 24. b4) 21. Rxd7 ({white must sacrifice an exchange, as} 21. Qxf2
Rxe4 22. Rxd7 Rxf4 {doesn't work}) 21... Kxd7 22. Rd1+ (22. Qxf2 Rxe4 (22...
Qxe5 23. Re1 Rxe4 24. Qa7+ Kc6 25. Qxa6+ Kc7 $11) 23. Qa7+ Kc6 24. Qxa6+ Kc7
$11) {[#]} 22... Kc8 $3 ({the best, other moves:} 22... Ke7 23. Qxf2 Qxe5 (
23... Rxe4 24. Qc5+) 24. Qa7+ Kf6 (24... Rc7 25. Qe3 $14) 25. Rf1) (22... Ke8
23. Kb1 $3 Qxe5 (23... Rd4 24. Bc6+ Ke7 (24... Kd8 25. Nd3) 25. Rxd4 Bxd4 26.
Qa3+) 24. Bc6+ Rxc6 25. Qxc6+ Kf8 (25... Ke7 26. Rd7+ Kf6 27. Qf3) 26. Nxg6+
fxg6 27. Qc8+ $18) 23. b3 (23. Qxf2 Qxe5 {and black wins}) 23... Rd4 24. Qc3+
Rc4 $1 (24... Kb8 $2 25. Rxd4 Qxf4+ 26. Kb1 Bxd4 27. Qxd4 $18) 25. Qf3 Rd4 26.
Qxf2 $6 {too optimistic, white should have repeated the moves} (26. Qc3+ $11)
26... Rxd1+ 27. Kxd1 Qxe5 28. Bd3 $2 ({gives advantage to black, unclear
position was after} 28. Bf3 Rd8+ 29. Nd3 $13 {, as black king is opened}) 28...
Rd8 29. Ne2 Rd7 30. g3 Qd5 ({waste of time} 30... f5 $142 {and black centre
starts to move}) 31. Kc1 e5 32. Qf6 Rd6 33. Qe7 (33. Qh8+ Rd8 34. Qxh6 $2 e4)
33... Rd7 34. Qf8+ Rd8 35. Qb4 $2 $138 ({in mutual time trouble white once
again avoids the repetition} 35. Qe7 $11) 35... f5 36. Nc3 Qd4 $2 (36... Qd6 $1
$17) 37. Qa5 Rd6 38. Bxb5 $1 {[ this saves the game ]} axb5 (38... Qd2+ 39. Kb2
axb5 40. Qa8+ Kd7 41. Nxb5 {and white has sufficient for draw counterplay}) 39.
Nxb5 Rb6 $4 ({terrible blunder. It would be draw after} 39... Qe3+ 40. Kb2 Rb6
41. Qa8+ Kd7 42. Qa7+ Ke6 (42... Kc6 $2 43. Qc7+ Kxb5 44. Qc4+ Ka5 45. Qa4#)
43. Nc7+ Kd6 44. Nb5+ Kd5 45. Qd7+ Ke4 46. Nc3+ Kf3 47. Qd1+ Kg2 48. Nd5 $11)
40. Nxd4 1-0

[Event "Asian Continental op 12th"]
[Site "Manila"]
[Date "2013.05.24"]
[Round "7"]
[White "Gopal, Geetha Narayanan"]
[Black "Sasikiran, Krishnan"]
[Result "0-1"]
[WhiteElo "2526"]
[BlackElo "2669"]
[Annotator "Sagar Shah"]
[PlyCount "88"]
[EventDate "2013.05.18"]
[EventType "swiss"]
[EventRounds "9"]
[EventCountry "PHI"]
[SourceTitle "CBM 154 Extra"]
[Source "ChessBase"]
[SourceDate "2013.06.25"]
[SourceVersion "2"]
[SourceVersionDate "2013.06.25"]
[SourceQuality "1"]

1. e4 g6 2. d4 Bg7 3. Nc3 d5 4. exd5 Nf6 5. Bc4 Nbd7 6. Nf3 {This is the
normal move. White doesn't try to cling on to the d5-pawn. Instead he gives it
up and tries to develop his pieces on the best possible squares.} Nb6 7. Bb3 a5
{Inclusion of this move is useful on two counts. First of all it forces a4.
Once White plays a4, his knight will feel more secure on the d5-square as
c2-c4 will create a hole on the b4-square. Secondly the scope of the bishop on
b3 is reduced because of the pawn on a4.} 8. a4 O-O 9. O-O Nbxd5 10. Nxd5 Nxd5
{How do we assess this position? White definitely has a slight edge here. His
pieces are harmoniously placed. His R will come to e1 and the B will most
probably go to g5. But Black isn't doing so bad either. His B on g7 is pretty
decent. Its scope can be increased with the c5-break. The N on d5 is well
placed and cannot easily be kicked away with c4 as then it goes to b4. Also,
it is imperative that Black quickly finds an occupation for his c8-bishop and
this is quite well done with the move ...b6! followed by ...Bb7. We could say
that this position is easier to play as White but with accurate play Black can
aim to equalise.} 11. h3 {This move is in my view unneccessary. True, it stops
...Bg4 but ...Bg4 is not such a huge threat. If Black decides as he does in
the game to develop his B on b7, this would just lead to the waste of a tempo.
This makes it easier for Black to equalise.} (11. Bg5 {With this move we
transpose back into the variation that could have been reached in the game
Saric-Stokke. Let's have a look at this option carefully because it seems to
be White's best chance of gaining an edge.} b6 $1 (11... Bg4 {This move makes
use of the omission of the move h3 but after} 12. h3 Bxf3 13. Qxf3 c6 14. Rad1
$14 {White has a very substantial edge. Of course Black's position is solid.
But there are hardly any active plans for him and White will slowly build up.
Such positions are something that we must avoid falling into.}) 12. Re1 (12.
Bxd5 {Trying to win a pawn gives Black fine compensation in the form of two
strong bishops.} Qxd5 13. Bxe7 Re8 14. Re1 Qd7 15. Bh4 Bb7 {[%csl Gb7,Gg7] The
position is not worse for Black.} 16. c3 Rxe1+ 17. Qxe1 Re8 18. Qd1 Bd5 19. Bg3
Qc6 $44 {It can be easily seen that the bishop on d5 is extremely strong and
gives Black sufficient compensation.}) 12... Bb7 {Once again Black ignores the
attack on the e7-pawn.} 13. c3 {White keeps the tension and refrains from
taking on d5.} (13. Bxd5 Qxd5 14. Rxe7 (14. Bxe7 Rfe8 15. c3 Qd7 {leads to a
variation which we just examined above.}) 14... Qf5 $1 {Threatening ...Bxf3
followed by ...Qxg5.} 15. Bh4 Bxf3 16. Qxf3 (16. gxf3 Rad8 $44) 16... Qxc2 $11)
13... Re8 14. Qd2 Qd6 15. Bh4 e6 16. Bg3 Qe7 {Black is preparing to make the
c5-break.} 17. Rad1 {Black can now wait before making the c5 break but it
isn't bad if he does it straight away.} c5 (17... Rad8 18. Qe2 c5) 18. dxc5
Qxc5 {We reach a complex position. White is slightly better. His position on
the whole looks more harmonious but Black is very much in the game. I wouldn't
call this a very static edge for White. Black has his share of chances and
there is a real contest on the board. If this is the best that White can
achieve by making the best moves then this opening should well be quite
playable. Let's just end this variation with a few more moves.} 19. Ne5 Rad8
20. Bh4 (20. c4 $2 Qb4 $1 $11) 20... Bf6 21. Bxf6 Nxf6 22. Qf4 (22. Qxd8 Rxd8
23. Rxd8+ Kg7 24. Rd4 b5 $132) 22... Kg7 23. Rxd8 Rxd8 24. Nxf7 Qc6 $1 (24...
Kxf7 25. Rxe6 $40) 25. Qg5 Kxf7 26. Rxe6 Qxe6 27. Bxe6+ Kxe6 28. f3 $13 {
with an unclear endgame. Of course my analysis can be improved at several
points but I just wanted to give you an idea of how the play could flow from
that position.}) 11... b6 $1 {With the inclusion of the move h3, Black gets a
pretty comfortable position.} 12. Re1 Bb7 (12... e6 13. Bg5 {was seen in the
game Bachmann against Aleskerov. Here the player with the black pieces went ...
Bf6 which was incorrect. Instead he should have played his queen to d6.} Qd6 (
13... Bf6 $6 14. Bxf6 Qxf6 15. Ne5 $14) 14. c3 Bb7 {could have been more
accurate.} 15. Qd2 Rac8 16. Rad1 c5 17. dxc5 Qxc5 18. Nd4 Nc7 19. Bh4 Bd5 20.
Bxd5 Nxd5 $11 {The position is round about equal.}) 13. Bg5 Re8 (13... Qd6 14.
c3 (14. Bxd5 Qxd5 {as we have seen in the above variations, this is not a
problem for Black. After White takes on e7 with any of his pieces, the double
bishops will provide sufficient compensation.}) 14... e6 {could have been more
accurate.}) 14. Bh4 (14. Bxd5 Qxd5 15. Bxe7 Qd7 16. Bh4 Rxe1+ 17. Qxe1 Re8 18.
Qd1 Bxf3 19. Qxf3 Qxd4 $17 {[%cal Gd4h4,Gd4b2]}) 14... Rb8 {Sasikiran hits a
wrong plan and drifts into an inferior position. It was better to play} (14...
Bf6 {in order to follow up with e6.} 15. Bg3 (15. Bxf6 exf6 $11) 15... e6 16.
c3 Qe7 $132 {[%cal Gc7c5] With the idea of breaking with c5 gives Black a
decent position.}) 15. c3 Ba8 16. Bc4 Qc8 17. Bg3 e6 18. Qe2 {Even though
White has a very pleasant position, it is difficult for him to come up with
something constructive. Black also continues to wait.} Ne7 19. Bh2 Nf5 20. Rad1
Qb7 21. Bb3 (21. d5 $1) 21... Nd6 22. Bc2 Qd5 23. Be5 Rbd8 24. b3 Qc6 25. Qd2
f6 26. Bh2 b5 27. Qd3 b4 28. c4 Nf5 29. Qf1 (29. d5 $1 exd5 30. Rxe8+ Rxe8 31.
cxd5 Qb6 32. Qb5 $16) 29... Qd7 30. Be4 Bxe4 31. Rxe4 c5 $1 $11 {Black has
finally equalised and has good play.} 32. g4 $2 (32. d5 $1 e5 {is around equal
but with the knight going to d6, White did not like it.}) 32... Nxd4 33. Nxd4
e5 $1 {Maybe the move missed by Gopal.} 34. Qd3 f5 35. gxf5 gxf5 36. Ree1 cxd4
$19 {Black is not only a pawn up but this mass of pawns will steamroll White.}
37. c5 Re6 38. Qc4 Qc6 39. Kf1 Kh8 40. Bg3 Rg6 41. Rxe5 Rxg3 42. Rxd4 Qg2+ 43.
Ke2 Qf3+ 44. Kf1 Rf8 {Conclusion: This game shows that if you are patient and
ready to manoeuvre then you will have enough opportunities to outplay your
opponent in the middlegame. The opening is slightly in White's favour, but if
you develop your B via b7 and look for the appropriate moment to break with c5,
you should be alright.} 0-1